| 000 | 00774nam a22002777a 4500 | ||
|---|---|---|---|
| 003 | CHAP | ||
| 005 | 20220329135244.0 | ||
| 008 | 971013s1981 r 00010 d | ||
| 010 | _a33344 | ||
| 011 | _a34316 | ||
| 035 | _a38432 | ||
| 040 | _cCHAP | ||
| 082 |
_a636.2 _bM39 |
||
| 100 | 0 | 0 |
_aMay, Cheryl. _973183 |
| 245 | _aCattle management | ||
| 260 |
_aReston, Va. : _bReston, _c1981 |
||
| 300 |
_a333 p. _b: ilus. ; gráfs |
||
| 590 |
_aBATCH-UPD _b10 _c20130110 _lUCH01 _h1912 |
||
| 590 |
_aCONVERSION _b10 _c20130109 _lUCH01 _h1319 |
||
| 650 | 1 | 4 |
_aGanado de carne. _945067 |
| 650 | 1 | 4 |
_aGanado lechero. _945237 |
| 650 | 1 | 4 |
_aGanado vacuno. _945425 |
| 901 | _aBK | ||
| 942 | _cLIBRO | ||
| 949 |
_a636.2 M39 _bBC _cLIBRO _d33724000096327 _eLIBRO _h57947 _i38432 _si _t911.00 |
||
| 999 |
_c33344 _d33344 |
||